• 首页
  • 本馆介绍
  • 公告通知
  • 最新文献
  • 馆藏检索
  • 电子资源
  • 读者导购
  • 参考咨询
  • 我的图书馆
  • 登录
  • 详细信息显示
  • 放入我的书架
  • 预约/预借图书
  • 作者相关作品
  • 分类相关作品
  • 丛书相关作品
  • 出版社相关作品

书目信息

  • 表格格式
  • 工作单格式
  • 卡片格式
题名:
高中《辩证唯物主义常识》教学参考
    
 
作者: ;上海教育学院政教系 主编
分册:  
出版信息: 北京   人民文学出版社  1984
页数: 124页
开本: 20cm
丛书名:
单 册:
中图分类: G633.21 , B02
科图分类:
主题词: 辩证唯物主义--高中--教学参考资料 , 辩证唯物主义
电子资源:
ISBN:
000 00855nam0 2200253 45
001 1537742539
005 20150121102958.09
010    @dCNY1.65
091    @aCN@b7232.180
100    @a19960215d1984 em y0chiy0121 ea
101 0  @achi
102    @aCN@b110000
105    @ay z 000yy
200 10 @a高中《辩证唯物主义常识》教学参考@Agao zhong bian zheng wei wu zhu yi chang shi jiao xue can kao@f上海教育学院政教系主编
210    @a北京@c人民文学出版社@d1984
215    @a124页@d20cm
517 1  @a高中辩证唯物主义常识教学参考@Agao zhong bian zheng wei wu zhu yi chang shi jiao xue can kao
606    @a辩证唯物主义@x高中@x教学参考资料
606 0  @a辩证唯物主义
690    @aG633.21@v3
690    @aB02@v4
711 02 @a上海教育学院政教系@Ashang hai jiao yu xue yuan zheng jiao xi@4主编
801  0 @aCN@bTSSF@c20150121
905    @aZUCC@dB02@eJY43
    
    高中《辩证唯物主义常识》教学参考/上海教育学院政教系主编.-北京:人民文学出版社,1984
    124页;20cm
    
    
    ISBN :CNY1.65
    
●
相关链接 在E读中查询图书 在五车中查询图书 在当当中查询图书 在豆瓣中查询图书


正题名:高中《辩证唯物主义常识》教学参考     索取号:B02/JY43         预约/预借

序号 登录号 条形码 馆藏地/架位号 状态 备注
1 7856661   278566614   学院路分馆/ [索取号:B02/JY43] 在馆    
唐山师范学院图书馆 欢迎您!
大连网信软件有限公司© 版权所有